عرض عادي
عرض مارك
- Thorpe, Dave,
مدخل إسم شخص
001 - رقم الضبط
- حقل الضبط: 45349
003 - معرف رقم الضبط
- حقل الضبط: OSt
005 - تاريخ ووقت أخر عملية
- حقل الضبط: 20140517174240.0
008 - عناصر بيانات ثابتة الطول
- حقل تحكم ثابت الطول: 140517|||a|||||| | ||| d
040 ## - مصدر الفهرسة
- هيئة الفهرسة الأصلية: OSt
- وكالة الكتابة: OSt
100 ## - مدخل -- أسم شخص
- إسم شخص: Thorpe, Dave,
- تواريخ مرتبطة بالاسم: 1954-
670 ## - بيانات المصدر موجوده
- الاستشهاد بالمصدر: Work cat.: (OSt)0: Thorpe, Dave, 1954-, Energy management in buildings :, 2014
